<?xml version="1.0" encoding="UTF-8"?>
<record
    xmlns:xsi="http://www.w3.org/2001/XMLSchema-instance"
    xsi:schemaLocation="http://www.loc.gov/MARC21/slim http://www.loc.gov/standards/marcxml/schema/MARC21slim.xsd"
    xmlns="http://www.loc.gov/MARC21/slim">

  <leader>00188nam a2200085   4500</leader>
  <controlfield tag="001">1256181</controlfield>
  <controlfield tag="005">20251222121835.0</controlfield>
  <datafield tag="245" ind1=" " ind2=" ">
    <subfield code="a">TERK ED&#x130;LM&#x130;&#x15E; EV</subfield>
    <subfield code="c">ENID BLYTON</subfield>
  </datafield>
  <datafield tag="260" ind1=" " ind2=" ">
    <subfield code="b">ARTEM&#x130;S &#xC7;OCUK</subfield>
  </datafield>
  <datafield tag="999" ind1=" " ind2=" ">
    <subfield code="c">1256181</subfield>
    <subfield code="d">1256181</subfield>
  </datafield>
  <datafield tag="952" ind1=" " ind2=" ">
    <subfield code="0">0</subfield>
    <subfield code="1">0</subfield>
    <subfield code="2">ddc</subfield>
    <subfield code="4">0</subfield>
    <subfield code="7">0</subfield>
    <subfield code="a">1011</subfield>
    <subfield code="b">1011</subfield>
    <subfield code="d">2025-12-22</subfield>
    <subfield code="l">1</subfield>
    <subfield code="p">10114222</subfield>
    <subfield code="r">2026-04-22 12:21:07</subfield>
    <subfield code="s">2025-12-24</subfield>
    <subfield code="w">2025-12-22</subfield>
    <subfield code="y">BK</subfield>
  </datafield>
</record>
